[Event "Open A"]
[Site "Gjovik NOR"]
[Date "2009.01.02"]
[Round "5"]
[White "Haug,M"]
[Black "Getz,N"]
[Result "0-1"]
[WhiteElo "1940"]
[BlackElo "2176"]

1.e4 c5 2.Nf3 e6 3.d4 cxd4 4.Nxd4 Nc6 5.Nc3 Qc7 6.Be2 Nf6 7.O-O a6 8.Kh1 Bb4
9.Qd3 Bxc3 10.bxc3 Qe5 11.Bf3 O-O 12.g3 Qa5 13.Nb3 Qb6 14.Ba3 Ne5 15.Qe2 d6
16.Bg2 Qc7 17.Rfd1 Rd8 18.Rd4 Nc6 19.Rd3 Ne5 20.Rd4 d5 21.Rad1 Bd7 22.exd5 exd5
23.Be7 Nc6 24.Bxd8 Nxd4 25.Bxc7 Nxe2 26.Rd3 Bb5 27.Rf3 Ne4 28.Be5 Re8 29.Bd4 Rc8
30.h4 N2xc3 31.Bh3 Rc4 32.Bxc3 Nxc3 33.Bf1 Rc8 34.Bxb5 Nxb5 35.Rd3 Rxc2 36.Rxd5 g6
37.Rd2 Rxd2 38.Nxd2 Nc3 39.a3 Nb5 40.Nc4 Kf8 41.Kg2 Nd4 42.g4 b5 43.Ne3 a5
44.Kg3 a4 45.Kf4 b4 46.Ke4 Nc2  0-1

[Event "Masters"]
[Site "Hastings ENG"]
[Date "2009.01.02"]
[Round "6"]
[White "Grover,S"]
[Black "Rayner,F"]
[Result "1-0"]
[WhiteElo "2313"]
[BlackElo "2151"]

1.e4 c5 2.Nf3 e6 3.d4 cxd4 4.Nxd4 Nc6 5.Nc3 Qc7 6.Be3 a6 7.Qd2 Nf6 8.f3 Be7
9.g4 h6 10.O-O-O b5 11.Nxc6 Qxc6 12.Ne2 Bb7 13.Nd4 Qc7 14.Bd3 O-O-O 15.Bxb5 axb5
16.Nxb5 Qc4 17.Qa5 Bb4 18.Qb6 Kb8 19.Bf4+ d6 20.Rxd6 Bxd6 21.Bxd6+ Kc8 22.b3 Qc6
23.Na7+ Kd7 24.Nxc6  1-0

[Event "14th Open"]
[Site "Bosnjaci CRO"]
[Date "2009.01.03"]
[Round "1"]
[White "Brkic,Zd"]
[Black "Lalic,B"]
[Result "1/2-1/2"]
[WhiteElo "2005"]
[BlackElo "2538"]

1.e4 c5 2.Nf3 e6 3.d4 cxd4 4.Nxd4 Nc6 5.Nc3 a6 6.Be3 Nf6 7.Nxc6 bxc6 8.e5 Nd5
9.Nxd5 cxd5 10.Bd3 d6 11.exd6 Bxd6 12.O-O O-O 13.Qh5 g6 14.Qf3 Be5 15.c3 Qc7
16.h3 Bg7 17.Rac1 Bb7 18.Qe2 e5 19.Rfd1 Rfe8 20.Qc2 f5 21.Qb3 f4 22.Bb6 Qf7
23.f3 Rac8 24.c4 e4 25.Bf1 exf3 26.gxf3 Kh8 27.Bf2 dxc4 28.Bxc4 Qe7 29.Re1 Qg5+
30.Kf1 Rxe1+ 31.Rxe1 Bc6 32.Bxa6 Ra8 33.Bc4 Bd7 34.Be6 Bb5+ 35.Bc4 Bd7 36.Bd5  1/2-1/2

[Event "Masters"]
[Site "Hastings ENG"]
[Date "2009.01.03"]
[Round "7"]
[White "Eggleston,D"]
[Black "Grant,A"]
[Result "1/2-1/2"]
[WhiteElo "2368"]
[BlackElo "2192"]

1.e4 c5 2.Nf3 e6 3.d4 cxd4 4.Nxd4 Nc6 5.Nc3 Qc7 6.Be3 a6 7.Bd3 Nf6 8.O-O Nxd4
9.Bxd4 Bc5 10.Bxc5 Qxc5 11.Kh1 d6 12.Qe1 e5 13.Na4 Qc6 14.Qb4 Be6 15.Nb6 Rd8
16.f3 O-O 17.c4 Nd7 18.Nd5 Bxd5 19.cxd5 Qb6 20.Qxb6 Nxb6 21.a4 Rc8 22.a5 Nd7
23.Rfc1 Rfd8 24.b4 Kf8 25.Kg1 Ke7 26.Kf2 Rxc1 27.Rxc1 Rb8 28.Ke3 Kd8 29.Kd2 Rc8
30.Rb1 Rc7 31.g3 Kc8 32.f4 Kd8 33.h4 h6 34.Be2 Ke7 35.Rg1 Rc8 36.Kd3 Rc7
37.Bg4 Nf6 38.Bh3 Nd7 39.Bxd7 Kxd7 40.fxe5 dxe5 41.g4 Kd6 42.g5 h5 43.Rf1 Re7
44.g6 fxg6 45.Rg1 Rf7 46.Rxg6+ Kd7 47.Kc4 Rf1 48.Rxg7+ Kd6 49.Rxb7 Rc1+ 50.Kd3 Rd1+
51.Kc2 Rd2+ 52.Kxd2  1/2-1/2

[Event "XX Open"]
[Site "Roquetas de Mar ESP"]
[Date "2009.01.03"]
[Round "3"]
[White "Mogranzini,R"]
[Black "Parfenov,P"]
[Result "1-0"]
[WhiteElo "2417"]
[BlackElo "2257"]

1.e4 c5 2.Nf3 e6 3.d4 cxd4 4.Nxd4 Nc6 5.Nc3 Qc7 6.f4 a6 7.Nxc6 bxc6 8.Bd3 d6
9.O-O Nf6 10.Kh1 e5 11.b3 Be7 12.Na4 Be6 13.c4 exf4 14.Bxf4 Qa5 15.Qe1 Qxe1
16.Raxe1 Nd7 17.Be2 O-O 18.Rd1 Nc5 19.Nxc5 dxc5 20.Bd6 Rfe8 21.Bf3 Rac8 22.e5 Kf8
23.g4 h6 24.h3 Red8 25.Rd2 Bxd6 26.exd6 Bd7 27.Be4 Re8 28.Bg6 Rcd8 29.Bxf7 Re3
30.Kg2 g5 31.Be6+ Ke8 32.Bxd7+ Rxd7 33.Rf6 Rh7 34.Rf5 Kd7 35.Rf8 Re8 36.Rxe8 Kxe8
37.Rf2 h5 38.Rf5 hxg4 39.hxg4 Rh6 40.Rxc5 Rxd6 41.Ra5 c5 42.Kf3 Rf6+ 43.Kg3 Rc6
44.Kf3 Rf6+ 45.Ke3 Re6+ 46.Kd3 Rc6 47.Ke4 Rf6 48.Kd5 Rf4 49.Kxc5 Rxg4 50.Rxa6 Rf4
51.Rd6 g4 52.b4 Kf7 53.b5 g3 54.Rd1 Ke6 55.b6 g2 56.Rg1  1-0

[Event "Masters"]
[Site "Hastings ENG"]
[Date "2009.01.05"]
[Round "9"]
[White "Bernard,Ja"]
[Black "Juciute,E"]
[Result "1-0"]
[WhiteElo "2257"]
[BlackElo "1815"]

1.e4 c5 2.Nf3 e6 3.d4 cxd4 4.Nxd4 Nc6 5.Nc3 a6 6.Bf4 d6 7.Nf3 e5 8.Be3 Be7
9.Nd5 f5 10.Bb6 Qd7 11.Nc7+ Kf8 12.Nxa8 fxe4 13.Nd2 Nf6 14.Be3 Nb4 15.Nb6 Qc6
16.c3 Nd3+ 17.Bxd3 exd3 18.Nxc8 Qxc8 19.c4 d5 20.cxd5 Nxd5 21.Qf3+  1-0

[Event "14th Open"]
[Site "Bosnjaci CRO"]
[Date "2009.01.06"]
[Round "5"]
[White "Cupic,L"]
[Black "Vukadin,T"]
[Result "1/2-1/2"]
[WhiteElo "1971"]
[BlackElo "1858"]

1.e4 c5 2.Nf3 e6 3.d4 cxd4 4.Nxd4 Nc6 5.Nc3 a6 6.Nxc6 bxc6 7.Bd3 d5 8.O-O e5
9.exd5 cxd5 10.Re1 Qd6 11.Bf4 f6 12.Nxd5 Be6 13.Nc3 g5 14.Ne4 Qe7 15.Nxf6+ Nxf6
16.Rxe5 h6 17.Bc4 Bxc4 18.Rxe7+ Bxe7 19.Qd4 Rc8  1/2-1/2

[Event "Open A"]
[Site "Gjovik NOR"]
[Date "2009.01.06"]
[Round "8"]
[White "Hammer,J"]
[Black "Korneev,O"]
[Result "1-0"]
[WhiteElo "2522"]
[BlackElo "2623"]

1.e4 c5 2.Nf3 e6 3.d4 cxd4 4.Nxd4 Nc6 5.Nc3 Qc7 6.Be3 a6 7.Qd2 Nxd4 8.Qxd4 b5
9.Rd1 Ne7 10.Qd2 Nc6 11.f4 d6 12.Bd3 Be7 13.Qf2 O-O 14.O-O Nb4 15.Be2 Nxc2
16.Bb6 Qb8 17.e5 dxe5 18.Bf3 Nd4 19.Bxa8 Qxb6 20.Kh1 b4 21.fxe5 bxc3 22.Qxd4 Qxb2
23.Rb1 Qd2 24.Qc4 Bd7 25.Qxa6 Bg5 26.Rbd1 Bc8 27.Qc4 Qe3 28.h4 Qa7 29.hxg5 Ba6
30.Qa4 Qxa8 31.Rf2 Qb7 32.Rc1 Bb5 33.Qb3 Qa6 34.Qxc3 Bd3 35.Qd4 g6 36.Rc7 Bf5
37.a4 Kg7 38.Kh2 Qa5 39.Rc5 Qb6 40.a5 Qa7 41.Rb2 Ra8 42.Rb6 Qe7 43.Qe3 Qd7
44.Rd6 Qb7 45.Qd4 Qe7 46.Qh4 Kg8 47.Qf4 h5 48.Qc1 Qb7 49.Qd2 Kg7 50.a6 Qa7
51.Rc3 Rb8 52.Rd7 Qxa6 53.Rxf7+ Kxf7 54.Qd7+  1-0

[Event "Petrovskaya Ladya GM1"]
[Site "Peterhof RUS"]
[Date "2009.01.07"]
[Round "7"]
[White "Shimanov,A"]
[Black "Savchenko,S"]
[Result "1/2-1/2"]
[WhiteElo "2488"]
[BlackElo "2572"]

1.e4 c5 2.Nf3 e6 3.d4 cxd4 4.Nxd4 Nc6 5.Nc3 a6 6.Nxc6 bxc6 7.Qd3 d5 8.Bf4 Nf6
9.O-O-O Be7 10.Be2 O-O 11.Qg3 Kh8 12.Bc7 Qe8 13.Be5 Rg8 14.exd5 exd5 15.Bd3 Be6
16.Rhe1  1/2-1/2

[Event "14th Open"]
[Site "Bosnjaci CRO"]
[Date "2009.01.09"]
[Round "9"]
[White "Purgar,I"]
[Black "Ljikar,Z"]
[Result "1-0"]
[WhiteElo "2088"]
[BlackElo "2204"]

1.e4 c5 2.Nf3 e6 3.d4 cxd4 4.Nxd4 Nc6 5.Nc3 Qc7 6.Be2 a6 7.O-O Nf6 8.Be3 Bb4
9.Na4 O-O 10.Nxc6 bxc6 11.f4 d5 12.e5 Ne4 13.Bf3 f5 14.c4 Be7 15.Rc1 Qd8
16.cxd5 cxd5 17.Nb6 Rb8 18.Bxe4 fxe4 19.Nxc8 Rxc8 20.Qa4 Rxc1 21.Rxc1 d4
22.Qxd4 Qxd4 23.Bxd4 Rxf4 24.Rc6 Kf7 25.Rxa6 e3 26.Bxe3 Re4 27.Kf2 Rxe5 28.Ra7 h5
29.b4 Ke8 30.Rb7 g5 31.a4 Re4 32.a5 Bxb4 33.a6 Bd6 34.a7 Ra4 35.Rb8+  1-0

[Event "TCh-ISR 2008-9"]
[Site "Israel ISR"]
[Date "2009.01.09"]
[Round "5"]
[White "Axelrod,A"]
[Black "Katzir,M"]
[Result "0-1"]
[WhiteElo "2283"]
[BlackElo "2279"]

1.e4 c5 2.Nf3 e6 3.d4 cxd4 4.Nxd4 Nc6 5.Nc3 Qc7 6.Be3 a6 7.a3 Nf6 8.Be2 Be7
9.O-O O-O 10.f4 d5 11.e5 Nd7 12.Bf3 Na5 13.Bxd5 exd5 14.Nxd5 Qd8 15.Nf5 Nc6
16.b4 g6 17.Nh6+ Kg7 18.f5 Ncxe5 19.Nxe7 Qxe7 20.f6+ Nxf6 21.Bc5 Qe6 22.Bxf8+ Kxf8
23.Qd2 Bd7 24.Rae1 Re8 25.Qg5 Bb5 26.Qxf6 Qxf6 27.Rxf6 Kg7 28.Ng4 Nf3+ 29.Rxf3 Rxe1+
30.Kf2 Re2+ 31.Kg3 f5 32.Nf2 Bc6 33.Rf4 Re3+ 34.Kh4 h6 35.Nh3 Bxg2  0-1

[Event "Australian Open"]
[Site "Manly Sydney AUS"]
[Date "2009.01.11"]
[Round "11"]
[White "Stojic,S"]
[Black "Ali,Mos"]
[Result "0-1"]
[WhiteElo "1972"]
[BlackElo "1943"]

1.e4 c5 2.Nf3 e6 3.d4 cxd4 4.Nxd4 Nc6 5.Nc3 Qc7 6.Be2 a6 7.O-O Nf6 8.Be3 Bb4
9.Na4 Be7 10.Nxc6 dxc6 11.Nb6 Rb8 12.Bd3 c5 13.Nxc8 Rxc8 14.c3 Rd8 15.Qe2 b5
16.Kh1 h5 17.f3 h4 18.c4 g5 19.cxb5 Nh5 20.bxa6 c4 21.Bxc4 Ng3+ 22.hxg3 hxg3+
23.Kg1 Qe5 24.Bb5+ Kf8 25.Rfd1 Ra8 26.Qc4 Rh2 27.Bd4 Qf4 28.Qc6 Rd8 29.a7 Qh4
30.Kf1 Rxg2 31.Ke1 Bb4+ 32.Bc3 Rg1+ 33.Bf1 Rxf1+ 34.Kxf1 Qh1+ 35.Ke2 Qg2+  0-1

[Event "Paul Keres Mem Women"]
[Site "Tallinn EST"]
[Date "2009.01.11"]
[Round "7"]
[White "Airapetjan,J"]
[Black "Fomina,T"]
[Result "0-1"]
[WhiteElo "1694"]
[BlackElo "2233"]

1.e4 c5 2.Nf3 e6 3.d4 cxd4 4.Nxd4 Nc6 5.Nc3 Qc7 6.Be2 Nf6 7.O-O a6 8.Be3 b5
9.a3 Bb7 10.f4 d6 11.Bf3 Be7 12.Qe1 O-O 13.Qg3 Kh8 14.Kh1 Nd7 15.f5 Nxd4
16.Bxd4 e5 17.Be3 Nf6 18.Qf2 Bc6 19.Rae1 a5 20.Bg5 b4 21.Bxf6 Bxf6 22.Nb1 Bb5
23.Rg1 Rfc8 24.Bd1 Qc5 25.Qxc5 dxc5 26.g4 Bg5 27.Be2 c4 28.Rd1 Bc6 29.Bf3 Rd8
30.Kg2 Ba4 31.Rd5 Rxd5 32.exd5 Bxc2 33.Re1 Rd8 34.axb4 axb4 35.Be2 Bd3 36.Bxd3 cxd3
37.Rd1 e4 38.Nd2 Bxd2 39.Rxd2 Rxd5 40.Kf2 b3 41.Ke3 Re5 42.Kf4 f6 43.Ke3 g6
44.fxg6 hxg6 45.Rd1 Kg7 46.Rc1 Kh6 47.Rc3 Rd5 48.Rc1 f5 49.gxf5 gxf5 50.Rd1 Kg5
51.Rg1+ Kf6 52.h4 Ke5 53.Kd2 Kd4 54.Re1 f4  0-1

[Event "TCh-HUN 2008-9"]
[Site "Zalaegerszeg HUN"]
[Date "2009.01.11"]
[Round "5"]
[White "Feher,G"]
[Black "Horvath,Ad1"]
[Result "1-0"]
[WhiteElo "2368"]
[BlackElo "2514"]

1.e4 c5 2.Nf3 e6 3.d4 cxd4 4.Nxd4 Nc6 5.Nc3 Qc7 6.f4 Nxd4 7.Qxd4 a6 8.a4 Ne7
9.Be3 Nc6 10.Qb6 Qb8 11.Bd3 Be7 12.O-O d6 13.Rae1 O-O 14.Rf3 Bd7 15.Rh3 g6
16.Bf2 Bf6 17.Qe3 Bg7 18.Qg3 Qd8 19.Kh1 Rc8 20.Qg4 Nb4 21.e5 Nxd3 22.Rxd3 d5
23.Bh4 h5 24.Qg3 Qb6 25.b3 Qb4 26.h3 Kh7 27.Re2 Rc7 28.Qe3 Rxc3 29.Qd2 Rfc8
30.Be1 d4 31.Rxd4 Qa3 32.Rxd7 Rxc2 33.Qxc2 Rxc2 34.Rxc2 Qxb3 35.Rcc7 Qb1
36.Rxf7 Qxe1+ 37.Kh2 h4 38.Rxg7+ Kh8 39.Rxg6 b5 40.axb5 axb5 41.Rcg7 b4 42.Rg8+ Kh7
43.R6g7+ Kh6 44.Rg4 Kh7 45.R8g7+ Kh6 46.R4g6+  1-0

[Event "6th ch-Mediterranean"]
[Site "Antalya TUR"]
[Date "2009.01.13"]
[Round "4"]
[White "Haznedaroglu,K"]
[Black "Aroshidze,L"]
[Result "0-1"]
[WhiteElo "2451"]
[BlackElo "2526"]

1.e4 c5 2.Nf3 e6 3.d4 cxd4 4.Nxd4 Nc6 5.Nc3 Qc7 6.Be3 a6 7.Qd2 Nf6 8.O-O-O Bb4
9.f3 Ne5 10.Nb3 b5 11.Qe1 Rb8 12.Qg3 O-O 13.Bd4 Bd6 14.f4 Nh5 15.fxe5 Nxg3
16.exd6 Qxd6 17.hxg3 Qxg3 18.Bc5 Re8 19.Bd6 Qg5+ 20.Kb1 Rb6 21.e5 Rxd6 22.exd6 Bb7
23.Bd3 f5 24.Nc5 Qxg2 25.Nxd7 Rd8 26.Ne5 Qxh1 27.Rxh1 Bxh1 28.d7 g5 29.a4 b4
30.Na2 Kg7 31.Bxa6 Kf6 32.Nd3 Rxd7 33.Naxb4 g4 34.Bb5 g3 35.Nf4 Rd1+ 36.Ka2 Bf3
37.Bc6 Bxc6 38.Nxc6 Rd6 39.Nb4 Kg5 40.Nbd3 e5 41.Ne2 f4 42.Nxe5 Re6 43.Nf3+ Kg4
44.Neg1 h5 45.a5 h4 46.b4 h3 47.Nxh3 Kxf3 48.b5 Re5 49.c4 Kg4 50.a6 Kxh3
51.a7 Re8 52.b6 Ra8 53.Kb2 g2 54.b7 Rxa7 55.b8=Q g1=Q 56.Qxf4 Qa1+  0-1

[Event "Queenstown Classic"]
[Site "Queenstown NZL"]
[Date "2009.01.15"]
[Round "1"]
[White "Matheson,L"]
[Black "Van der Elburg,F"]
[Result "0-1"]
[WhiteElo "1943"]
[BlackElo "2277"]

1.e4 c5 2.Nf3 e6 3.d4 cxd4 4.Nxd4 Nc6 5.Nc3 Qc7 6.Be2 a6 7.f4 b5 8.Nxc6 dxc6
9.Be3 Bb7 10.Bf3 e5 11.g3 Bd6 12.Bb6 Qe7 13.fxe5 Bxe5 14.Qd2 Nf6 15.O-O-O O-O
16.Rhe1 c5 17.g4 Rfc8 18.g5 Ne8 19.Ba5 Nd6 20.b3 Re8 21.Nd5 Bxd5 22.exd5 b4
23.Re2 Rab8 24.c4 Nb7 25.d6 Nxd6 26.Rde1 f6 27.gxf6 Qxf6 28.Qd5+ Nf7 29.Kb1 Re7
30.Bc7 Rxc7 31.Rxe5 g6 32.Re6 Qh4 33.R6e4 Qf6 34.Re6 Qh4 35.R6e4 Qxh2 36.Re7 Rxe7
37.Rxe7 Qf4 38.Qd3 Qf6 39.Qe2 Kf8 40.Re3 Nd6 41.Bd5 Re8 42.Rxe8+ Nxe8 43.Qe3 Qf5+
44.Kb2 Qf6+ 45.Kb1 h5 46.Qxc5+ Qd6 47.Qf2+ Nf6 48.Qa7 Nxd5 49.Qa8+ Kg7 50.cxd5 Kf6
51.Qh8+ Kf5 52.Qd4 g5 53.Qd3+ Ke5 54.Qg3+ Kxd5 55.Qxg5+ Qe5 56.Qg8+ Kd4 57.Qc4+ Ke3
58.Qc1+ Kf2 59.Qd2+ Kf1 60.Qd3+ Kf2 61.Qd2+ Qe2 62.Qf4+ Kg1 63.Qxb4 Qf2 64.Qa5 h4
65.Qg5+ Kh1 66.Qh5 Qh2 67.Qf3+ Qg2 68.Qh5 h3 69.Kc1 h2 70.Kd1 Qxa2 71.Ke1 Qxb3
72.Kf1 Qb5+  0-1

[Event "6th ch-Mediterranean"]
[Site "Antalya TUR"]
[Date "2009.01.16"]
[Round "8"]
[White "Atakisi,U"]
[Black "Aroshidze,L"]
[Result "1/2-1/2"]
[WhiteElo "2393"]
[BlackElo "2526"]

1.e4 c5 2.Nf3 e6 3.d4 cxd4 4.Nxd4 Nc6 5.Nc3 Qc7 6.Be3 a6 7.Bd3 Nf6 8.O-O Ne5
9.h3 Bc5 10.Kh1 d6 11.f4 Ng6 12.f5 Ne5 13.Nce2 exf5 14.exf5 O-O 15.Bg5 Ned7
16.Qe1 d5 17.Qh4 Re8 18.g4 b5 19.c3 Bb7 20.Bf4 Ne5 21.Bc2 Qb6 22.g5 Ne4 23.Rad1 Rac8
24.a3 a5 25.Rg1 Nf3 26.Nxf3 Nf2+ 27.Kg2 Rxe2 28.Rd2 Rxd2 29.Bxd2 d4 30.b4 axb4
31.axb4 Qc6 32.Qxf2 Bb6 33.Re1 d3 34.Be3 Bxe3 35.Rxe3 dxc2 36.Qxc2 h6 37.h4 hxg5
38.hxg5 Qd6 39.Qe2 Qf4 40.Re8+ Rxe8 41.Qxe8+ Kh7 42.g6+ fxg6 43.Qxg6+ Kg8
44.Qe8+ Kh7 45.Qg6+ Kg8 46.Qe8+ Kh7 47.Qg6+ Kg8 48.Qe8+ Kh7  1/2-1/2

[Event "Open A"]
[Site "Prague CZE"]
[Date "2009.01.16"]
[Round "9"]
[White "Rasik,V"]
[Black "Plischki,S"]
[Result "1/2-1/2"]
[WhiteElo "2445"]
[BlackElo "2418"]

1.e4 c5 2.Nf3 e6 3.d4 cxd4 4.Nxd4 Nc6 5.Nc3 Qc7 6.Be3 a6 7.Qd2 Nf6 8.O-O-O Bb4
9.f3 Ne7 10.Nde2 b5 11.Kb1 Qa5 12.Bf4 e5 13.Bg5 h5 14.Nc1 Bxc3 15.Qxc3 Qxc3
16.bxc3 d5 17.Bxf6 gxf6 18.exd5 Bb7 19.c4 bxc4 20.Bxc4 Rd8 21.Nb3 Nxd5 22.Bxd5 Bxd5
23.Nc5 Ke7 24.Kb2 h4 25.Rd3 Bc6 26.Rf1 Bb5 27.Rxd8 Rxd8 28.Rf2 Rc8 29.Ne4  1/2-1/2

[Event "4NCL 2008-9"]
[Site "Sunningdale ENG"]
[Date "2009.01.17"]
[Round "5"]
[White "McDonald,N"]
[Black "Rayner,F"]
[Result "1-0"]
[WhiteElo "2401"]
[BlackElo "2151"]

1.e4 c5 2.Nf3 e6 3.d4 cxd4 4.Nxd4 Nc6 5.Nc3 Qc7 6.Be2 a6 7.O-O Nf6 8.Bg5 Be7
9.Qd2 O-O 10.Rad1 Rd8 11.Kh1 d6 12.Qe3 Bd7 13.Nb3 b5 14.a3 Ne5 15.f4 Nc4
16.Qg3 Bc6 17.Bxc4 bxc4 18.Nd2 d5 19.e5 Ne4 20.Ncxe4 dxe4 21.Bf6 g6 22.Rfe1 Rd4
23.Nf1 Rad8 24.Rxd4 Rxd4 25.Qc3 Bc5 26.b4 Bb6 27.Ne3 Bb7 28.f5 Qc6 29.fxg6 fxg6
30.Rf1 Qd7 31.Bg5 h5 32.Qe1 Qg7 33.Qg3 c3 34.h3 Rd2 35.Nc4 e3 36.Nxd2 cxd2
37.Bxe3 h4 38.Qf2 Bxe3 39.Qxe3 Qf7 40.Qd3  1-0

[Event "Corus C"]
[Site "Wijk aan Zee NED"]
[Date "2009.01.17"]
[Round "1"]
[White "Nijboer,F"]
[Black "So,W"]
[Result "0-1"]
[WhiteElo "2560"]
[BlackElo "2627"]

1.e4 c5 2.Nf3 e6 3.Nc3 Nc6 4.d4 cxd4 5.Nxd4 Qc7 6.Be3 a6 7.Qd2 Nf6 8.O-O-O Bb4
9.f3 Ne5 10.Nb3 b5 11.Qd4 Nc6 12.Qb6 Qe5 13.Bd2 Rb8 14.Qf2 O-O 15.f4 Qc7
16.Bd3 d6 17.Qh4 Bxc3 18.Bxc3 e5 19.Rhf1 b4 20.Bd2 a5 21.Kb1 a4 22.Nc1 Bg4
23.Rde1 Rfc8 24.Rf2 Bd7 25.f5 Nd4 26.Bh6 Ne8 27.Bxg7 Nxg7 28.f6 b3 29.axb3 axb3
30.Qg3 Ne6 31.cxb3 Qa5 32.Rc2 Rxc2 33.Kxc2 Rc8+ 34.Kb1 Bb5 35.Rd1 Bxd3+ 36.Rxd3 Qb4
37.fxg7 Qxe4 38.Qe3 Qg6 39.Qg3 Qe4 40.Qf3 Qg6 41.Qg3 Qf5 42.Qh3 Qxh3 43.Rxh3 Nd4
44.b4 Rb8 45.Nb3 Ne6 46.Na5 Rxb4 47.Nc6 Rb6 48.Ne7+ Kxg7 49.Nf5+ Kg6 50.Ne7+ Kg7
51.Nf5+ Kf6 52.g4 e4 53.Rxh7 Nc5 54.Kc2 Na4 55.b4 Rxb4 56.Nxd6 Ke5 57.Nxf7+ Kd4
58.g5 Rb2+ 59.Kc1 Rg2 60.Rh8 Nc5 61.Rd8+ Kc3 62.Kd1 Nd3 63.Rc8+ Kd4 64.Nd6 Rg1+
65.Kc2 Rc1+ 66.Kb3 Rxc8 67.Nxc8 e3  0-1

[Event "TCh-BEL 2008-9"]
[Site "Belgium BEL"]
[Date "2009.01.18"]
[Round "7"]
[White "Jens,J"]
[Black "Goormachtigh,J"]
[Result "1/2-1/2"]
[WhiteElo "2379"]
[BlackElo "2242"]

1.e4 c5 2.Nf3 e6 3.d4 cxd4 4.Nxd4 Nc6 5.Nc3 Qc7 6.Be3 a6 7.Qd2 Nf6 8.O-O-O Bb4
9.f3 Ne7 10.Nde2 d5 11.Bg5 dxe4 12.Bxf6 gxf6 13.Qd4 exf3 14.Qxb4 fxe2 15.Bxe2 f5
16.g4 Bd7 17.gxf5 Nxf5 18.Bh5 O-O-O 19.Bxf7 Rhf8 20.Bh5 Bc6  1/2-1/2

[Event "TCh-BEL 2008-9"]
[Site "Belgium BEL"]
[Date "2009.01.18"]
[Round "7"]
[White "Gharamian,T"]
[Black "David,Alb"]
[Result "1/2-1/2"]
[WhiteElo "2555"]
[BlackElo "2585"]

1.e4 c5 2.Nf3 e6 3.d4 cxd4 4.Nxd4 Nc6 5.Nc3 Qc7 6.Be3 a6 7.Qd2 Nf6 8.O-O-O Be7
9.f3 O-O 10.g4 b5 11.g5 Ne8 12.Nxc6 dxc6 13.f4 Nd6 14.e5  1/2-1/2

[Event "IMB"]
[Site "Marianske Lazne CZE"]
[Date "2009.01.18"]
[Round "2"]
[White "Oparin,G"]
[Black "Terekhov,A"]
[Result "1-0"]
[WhiteElo "2189"]
[BlackElo "2347"]

1.e4 c5 2.Nf3 e6 3.d4 cxd4 4.Nxd4 Nc6 5.Nc3 Qc7 6.Be2 Nf6 7.O-O a6 8.Be3 Bb4
9.Na4 Be7 10.Nxc6 bxc6 11.Nb6 Rb8 12.Nxc8 Qxc8 13.e5 Nd5 14.Bd4 c5 15.c4 cxd4
16.cxd5 Qc5 17.Bf3 Bg5 18.h4 Bf4 19.Qe2 d3 20.Qxd3 Rxb2 21.Qe4 Rb4 22.Rab1 Bd2
23.Rxb4 Bxb4 24.dxe6 Ke7 25.exd7 Kxd7 26.Rd1+ Ke7 27.Qb7+ Ke6 28.Rd6+  1-0

[Event "Queenstown Classic"]
[Site "Queenstown NZL"]
[Date "2009.01.19"]
[Round "5"]
[White "Dragicevic,Do"]
[Black "Van der Elburg,F"]
[Result "1-0"]
[WhiteElo "2205"]
[BlackElo "2277"]

1.e4 c5 2.Nf3 e6 3.d4 cxd4 4.Nxd4 Nc6 5.Nc3 Qc7 6.Be3 a6 7.Qd2 Nf6 8.O-O-O Bb4
9.f3 O-O 10.Kb1 Be7 11.g4 b5 12.g5 Nh5 13.Nxc6 dxc6 14.e5 Rd8 15.Bd3 c5 16.Qf2 Bb7
17.Rhe1 Qxe5 18.f4 Qc7 19.Be2 g6 20.Bxh5 gxh5 21.f5 Rxd1+ 22.Rxd1 b4 23.Ne2 Rd8
24.Rf1 Qe5 25.Ng3 Bc8 26.Nxh5 Qxf5 27.Qe2 Qg6 28.Nf6+ Kh8 29.Ng4 Rd5 30.Nh6 Rf5
31.Nxf5 exf5 32.Bxc5 Bxc5 33.Qe5+  1-0

[Event "GM"]
[Site "Marianske Lazne CZE"]
[Date "2009.01.20"]
[Round "4"]
[White "Simacek,P"]
[Black "Roganovic,Milo"]
[Result "1-0"]
[WhiteElo "2493"]
[BlackElo "2475"]

1.e4 c5 2.Nf3 Nc6 3.Nc3 e6 4.d4 cxd4 5.Nxd4 Nf6 6.Nxc6 bxc6 7.e5 Nd5 8.Ne4 Qc7
9.f4 Qb6 10.c4 Bb4+ 11.Ke2 f5 12.exf6 Nxf6 13.Be3 Qd8 14.Nd6+ Bxd6 15.Qxd6 c5
16.Qxc5 Bb7 17.Rd1 Ne4 18.Qa3 Qh4 19.Rd3 Bc6 20.Kd1 Nf2+ 21.Bxf2 Qxf2 22.Rd2 Qxf4
23.Bd3 Qf8 24.Qa5 g6 25.Qe5 O-O-O 26.c5 Qh6 27.Re1 Kb7 28.Re3 Qh4 29.Be2 Qa4+
30.Rb3+ Ka8 31.Kc1 Rb8 32.Ra3 Qb4 33.Rxd7 a5 34.Rb3 Qe1+ 35.Rd1 Qh4 36.Qc7 Qg5+
37.Rd2 Qxc5+ 38.Rc3 Rhc8 39.Qxb8+  1-0

[Event "ch-BLR w"]
[Site "Minsk BLR"]
[Date "2009.01.20"]
[Round "6"]
[White "Stetsko,L"]
[Black "Klimets,E"]
[Result "1-0"]
[WhiteElo "2096"]
[BlackElo "2123"]

1.e4 c5 2.Nf3 e6 3.d4 cxd4 4.Nxd4 Nc6 5.Nc3 Qc7 6.g3 a6 7.Bg2 Bc5 8.Nb3 Bd6
9.Be3 b5 10.f4 Bb7 11.Nc5 Bxc5 12.Bxc5 Na5 13.Bd4 f6 14.Qg4 Kf7 15.O-O Ne7
16.Qh5+ Kg8 17.Qc5 Qxc5 18.Bxc5 Kf7 19.a4 Rhc8 20.axb5 axb5 21.Nxb5 Nc4 22.Rxa8 Bxa8
23.b4 d6 24.Nxd6+ Nxd6 25.Bxd6 Rxc2 26.Ra1 Nc8 27.Bc5 Bb7 28.Rd1 Ke8 29.Bf1 Bxe4
30.Bb5+ Kf7 31.Rd8 Rg2+ 32.Kf1 Kg6 33.Rxc8 Rxh2 34.Re8 Kf5 35.Bf2 Bf3 36.Bd7 Rh1+
37.Bg1 Bd5 38.b5 Rh3 39.Kf2 h5 40.b6 h4 41.Bxe6+ Bxe6 42.b7 hxg3+ 43.Kg2 Rh1
44.b8=Q Bd5+ 45.Kxg3 Rxg1+ 46.Kf2  1-0

[Event "1st Open"]
[Site "Gurgon IND"]
[Date "2009.01.21"]
[Round "1"]
[White "Ram,G"]
[Black "Kunte,A"]
[Result "0-1"]
[WhiteElo "1984"]
[BlackElo "2527"]

1.e4 c5 2.Nf3 e6 3.d4 cxd4 4.Nxd4 Nc6 5.Nc3 Qc7 6.f4 a6 7.Nxc6 bxc6 8.Bd3 d5
9.O-O Nf6 10.Qf3 Be7 11.Kh1 g6 12.Be3 Bb7 13.exd5 cxd5 14.Bd4 O-O 15.Rae1 Nd7
16.Qh3 Bc5 17.Bxc5 Nxc5 18.Qh6 Rfe8 19.Rf2 d4 20.Nb1 Nxd3 21.cxd3 Rac8 22.Nd2 Qa5
23.Rfe2 Rc2 24.Nc4 Rxe2 25.Rxe2 Rc8 26.h3 Rxc4 27.dxc4 d3 28.Re3 Qd2 29.Rg3 Qe1+
30.Kh2 d2  0-1

[Event "ch-PriFO"]
[Site "Kazan RUS"]
[Date "2009.01.21"]
[Round "1"]
[White "Sharafiev,A"]
[Black "Sanzhaev,D"]
[Result "1-0"]
[WhiteElo "2421"]
[BlackElo "2112"]

1.e4 c5 2.Nf3 e6 3.d4 cxd4 4.Nxd4 Nc6 5.Nc3 Qc7 6.Be3 a6 7.Nxc6 dxc6 8.f4 Nf6
9.e5 Nd5 10.Nxd5 cxd5 11.Bd3 Bc5 12.Qf3 b5 13.O-O-O Bb7 14.Qf2 Bxe3+ 15.Qxe3 O-O-O
16.Qd4 g6 17.g4 Kb8 18.f5 gxf5 19.gxf5 exf5 20.Rhf1 Rde8 21.Rxf5 Bc8 22.Rh5 h6
23.Rf1 Be6 24.Rf6 Reg8 25.b3 Rg4 26.Rf4 Rg5 27.Rfh4 Rhg8 28.Rxg5 hxg5 29.Rh7 Qa7
30.Qxa7+ Kxa7 31.Bf5 Kb6 32.Bxe6 fxe6 33.b4 Rg6 34.Kb2 g4 35.Rd7 Rh6 36.Rd6+ Kb7
37.Kc3 Rxh2 38.Rxe6 Re2 39.Kd4 g3 40.Rg6 g2 41.c3 Kc7 42.a3 Kd7 43.Kxd5 Ke7
44.Rg7+ Kf8 45.Rg5 Kf7 46.Kc6 Ra2 47.Kb7 Rxa3 48.Rxg2 Ke6 49.Rg6+ Kxe5 50.Rxa6 Rxc3
51.Kb6 Kd6 52.Ra7 Rc8 53.Rb7 Kd5 54.Kxb5 Kd4 55.Kb6 Kc4 56.b5 Kb4 57.Rh7 Rb8+
58.Ka6 Kc5 59.Rc7+ Kd6 60.b6 Ra8+ 61.Kb7 Ra1 62.Kb8 Rb1 63.b7 Rb2 64.Kc8  1-0

[Event "Queenstown Classic"]
[Site "Queenstown NZL"]
[Date "2009.01.21"]
[Round "7"]
[White "Saw,G"]
[Black "Stuart,P"]
[Result "1-0"]
[WhiteElo "2257"]
[BlackElo "2076"]

1.e4 c5 2.Nf3 e6 3.d4 cxd4 4.Nxd4 Nc6 5.Nc3 Qc7 6.Be3 a6 7.Qd2 Nf6 8.O-O-O Bb4
9.f3 Na5 10.g4 Nc4 11.Bxc4 Qxc4 12.g5 Nh5 13.Nb3 O-O 14.Qd4 Qxd4 15.Rxd4 Be7
16.Na4 d6 17.Nb6 Rb8 18.Rc4 d5 19.exd5 exd5 20.Rh4 g6 21.Nxd5 Bd8 22.Nc5 Be6
23.Rd1 Bxd5 24.Rxd5 Bb6 25.Re4 Rfe8 26.Kd2 Rxe4 27.Nxe4 Bxe3+ 28.Kxe3 Kf8
29.Rd7 Ng7 30.Nd6 Nf5+ 31.Nxf5 gxf5 32.Kf4 Rc8 33.Rxb7 Rxc2 34.Kxf5 Kg7 35.h4 h6
36.gxh6+ Kxh6 37.Rxf7 Rxb2 38.Rf6+ Kh5 39.Rxa6 Kxh4 40.f4 Rb5+ 41.Ke4 Rb4+
42.Kf3 Kh5 43.Ra5+ Kg6 44.Kg4 Rb1 45.Ra6+ Kf7 46.a4 Rc1 47.Kg5 Rc7 48.a5 Rb7
49.Rb6 Rc7 50.a6 Rc1 51.a7 Ra1 52.Rb7+ Ke6 53.f5+ Ke5 54.Re7+  1-0

[Event "1st Open"]
[Site "Gurgon IND"]
[Date "2009.01.22"]
[Round "2"]
[White "Thipsay,P"]
[Black "Vaibhav,S"]
[Result "1-0"]
[WhiteElo "2453"]
[BlackElo "2193"]

1.e4 c5 2.Nf3 e6 3.d4 cxd4 4.Nxd4 Nc6 5.Nc3 Qc7 6.Be2 a6 7.O-O Nf6 8.Be3 Bb4
9.Na4 Be7 10.Nxc6 bxc6 11.Bd3 d5 12.Nb6 Rb8 13.Nxc8 Qxc8 14.exd5 Nxd5 15.Bd4 Bf6
16.Qg4 Bxd4 17.Qxd4 O-O 18.a3 a5 19.b3 Qc7 20.Rfe1 Rfd8 21.Qc5 Qb6 22.Qxb6 Rxb6
23.Re4 Rbb8 24.Rc4 Rdc8 25.Rc5 Ra8 26.Be4 Kf8 27.Rd1 Ke7 28.Bf3 Kd6 29.Rc4 Ke7
30.Kf1 f5 31.g3 Nb6 32.Rc5 Nd7 33.Rc3 Rab8 34.Rd2 c5 35.Be2 Rb6 36.Ke1 Nf6
37.Re3 Rd6 38.Rxd6 Kxd6 39.Rd3+ Ke7 40.f4 Ne4 41.Re3 Nd6 42.Kd2 h6 43.Bf3 Nb5
44.Bd5 Nc7 45.Bc4 g5 46.Ke2 Rb8 47.Kf3 Rb6 48.h3 Ne8 49.Re5 Rc6 50.Bb5 Rb6
51.Bxe8 Kxe8 52.Rxc5 Ra6 53.fxg5 hxg5 54.g4 fxg4+ 55.Kxg4 Ke7 56.Kxg5 Ra8
57.Kf4 Kd6 58.Rg5 a4 59.b4 Rc8 60.Rc5 Rh8 61.Rc3 e5+ 62.Kf5 Rh5+ 63.Kg4 Rh8
64.Rd3+ Ke6 65.c4 Rg8+ 66.Kf3 Kf5 67.Kf2 e4 68.Rg3 Rd8 69.Ke2 Kf4 70.Rc3 Rg8
71.c5 Rg2+ 72.Kf1 Rb2 73.c6 Rb3 74.Rc1 Rxh3 75.Kg2 Rg3+ 76.Kh2 Rg8 77.c7 Rc8
78.b5 e3 79.b6 Kf3 80.Rf1+ Ke4 81.b7 Rh8+ 82.Kg3 e2 83.Re1  1-0

[Event "GM"]
[Site "Marianske Lazne CZE"]
[Date "2009.01.23"]
[Round "8"]
[White "Roganovic,Milo"]
[Black "Kurmann,O"]
[Result "1-0"]
[WhiteElo "2475"]
[BlackElo "2415"]

1.e4 c5 2.Nf3 e6 3.d4 cxd4 4.Nxd4 Nc6 5.Nc3 a6 6.Be3 Nf6 7.f4 d5 8.e5 Nd7
9.Qd2 Bc5 10.O-O-O O-O 11.Kb1 Qc7 12.Nf3 b5 13.Bd3 h6 14.Bxc5 Nxc5 15.g4 b4
16.Ne2 Ne4 17.Qe3 Bb7 18.Rhg1 Ne7 19.Ned4 Qb6 20.Ka1 a5 21.f5 a4 22.f6 Ng6
23.fxg7 Kxg7 24.Nf5+  1-0